| 000 | 00618nam a22002057a 4500 | ||
|---|---|---|---|
| 003 | OSt | ||
| 005 | 20250701013927.0 | ||
| 008 | 250626b |||||||| |||| 00| 0 eng d | ||
| 020 | _a978-1-63549-368-9 | ||
| 040 |
_aDWCL - Main lib _cOC |
||
| 082 | _aCirc. 658.3 H918 2017 | ||
| 100 | _aJesse Rose | ||
| 245 |
_aHuman resource management/ _cJesse Rose |
||
| 260 |
_aNY: _b Larnes & keller, _cc 2017. |
||
| 300 |
_a235 pages: _billustration; _c25cm. |
||
| 504 | _aIncludes bibliographical references and index. | ||
| 650 | _a1. Personnel management. | ||
| 650 | _a2. Management. | ||
| 942 |
_2ddc _cBK-CIRC _kCirc. _n0 |
||
| 999 |
_c3287 _d3287 |
||